header

A problem solving approach to mathematics for elementary school teachers / (Record no. 255749)

MARC details
000 -LEADER
fixed length control field 01201cam a22003374a 4500
001 - CONTROL NUMBER
control field 13990456
003 - CONTROL NUMBER IDENTIFIER
control field OSt
005 - DATE AND TIME OF LATEST TRANSACTION
control field 20170227103619.0
008 - FIXED-LENGTH DATA ELEMENTS--GENERAL INFORMATION
fixed length control field 050603s2007 maua 001 0 eng
010 ## - LIBRARY OF CONGRESS CONTROL NUMBER
LC control number 2005050914
020 ## - INTERNATIONAL STANDARD BOOK NUMBER
International Standard Book Number 0321331796
International Standard Book Number 0321331303 (IE)
035 ## - SYSTEM CONTROL NUMBER
System control number (OCoLC)ocm60590218
040 ## - CATALOGING SOURCE
Original cataloging agency DLC
Transcribing agency DLC
Modifying agency YDX
-- BAKER
-- DLC
042 ## - AUTHENTICATION CODE
Authentication code pcc
050 00 - LIBRARY OF CONGRESS CALL NUMBER
Classification number QA135.6
Item number .B55 2006
082 00 - DEWEY DECIMAL CLASSIFICATION NUMBER
Classification number 372.7
Edition number 22
100 1# - MAIN ENTRY--PERSONAL NAME
Personal name Billstein, Rick.
245 12 - TITLE STATEMENT
Title A problem solving approach to mathematics for elementary school teachers /
Statement of responsibility, etc Rick Billstein, Shlomo Libeskind, Johnny W. Lott.
250 ## - EDITION STATEMENT
Edition statement 9th ed.
260 ## - PUBLICATION, DISTRIBUTION, ETC. (IMPRINT)
Place of publication, distribution, etc Boston :
Name of publisher, distributor, etc Pearson Addison Wesley,
Date of publication, distribution, etc c2007.
300 ## - PHYSICAL DESCRIPTION
Extent xvii, 1031 p. :
Other physical details ill. (some col.) ;
Dimensions 27 cm.
500 ## - GENERAL NOTE
General note Includes index.
650 #0 - SUBJECT ADDED ENTRY--TOPICAL TERM
Topical term or geographic name as entry element Mathematics
General subdivision Study and teaching (Elementary)
Topical term or geographic name as entry element Problem solving
General subdivision Study and teaching (Elementary)
700 1# - ADDED ENTRY--PERSONAL NAME
Personal name Libeskind, Shlomo.
Personal name Lott, Johnny W.,
Dates associated with a name 1944-
906 ## - LOCAL DATA ELEMENT F, LDF (RLIN)
a 7
b cbc
c orignew
d 1
e ocip
f 20
g y-gencatlg
942 ## - ADDED ENTRY ELEMENTS (KOHA)
Source of classification or shelving scheme Library of Congress Classification
Koha item type Long Loan Books
Holdings
Withdrawn status Lost status Source of classification or shelving scheme Damaged status Not for loan Collection code Home library Current library Shelving location Date acquired Total Checkouts Full call number Barcode Date last seen Date checked out Price effective from Koha item type
    Library of Congress Classification     Non-fiction Rongo University Library Rongo University Library General Stacks 27/02/2017 1 QA135.6 .B55 2006 201617615 12/02/2020 30/01/2020 27/02/2017 Long Loan Books
    Library of Congress Classification     Non-fiction Rongo University Library Rongo University Library General Stacks 15/11/2017 2 QA135.6 .B55 2006 20153503 29/01/2018 12/01/2018 15/11/2017 Long Loan Books
    Library of Congress Classification     Non-fiction Rongo University Library Rongo University Library General Stacks 22/06/2018   QA135.6 .B55 2006 20180930 22/06/2018   22/06/2018 Long Loan Books

© 2026 Rongo University
Contact us: librarian | system librarian | Rongo university